Gaming Quiz

Random Gaming Quiz

Terraria:Mounts Quiz Stats

 Plays Quiz not verified by Sporcle

Challenge
Share
Tweet
Embed
Score 0/11 Timer 20:00
0 Plays Today
Items Mounts % Correct
Slimy SaddleSlime
100%
Honeyed GogglesBee
90.9%
Fuzzy CarrotBunny
81.8%
Cosmic Car KeyUFO
81.8%
Hardy SaddleTurtle
72.7%
Blessed AppleUnicorn
72.7%
Drill Containment UnitDrill
72.7%
Scaly TrufflePigron
63.6%
Reindeer BellsRudolph
36.4%
Shrimpy TruffleCute Fishron
27.3%
Brain ScramblerScutlix
27.3%

You're not logged in!

Compare scores with friends on all Sporcle quizzes.
Join for Free
OR
Log In

You Might Also Like...

Show Comments

Extras

Created Aug 2, 2016ReportNominate
Tags:acquire, item

Top Quizzes Today


Score Distribution

Your Account Isn't Verified!

In order to create a playlist on Sporcle, you need to verify the email address you used during registration. Go to your Sporcle Settings to finish the process.

Report this User

Report this user for behavior that violates our Community Guidelines.

Details: